Music Quiz

Random Music or Album Quiz

Devo Albums Quiz Stats

 Plays Quiz not verified by Sporcle

Challenge
Share
Tweet
Embed
Score 0/9 Timer 05:00
0 Plays Today
Year Album % Correct
1978Q: Are We Not Men? A: We Are Devo!
97.8%
1980Freedom of Choice
95%
1981New Traditionalists
87.8%
1979Duty Now For The Future
86.3%
1982Oh No, It's Devo!
86.3%
1984Shout
77%
1990Smooth Noodle Maps
71.9%
1988Total Devo
64.7%
2010Something for Everybody
60.4%

You're not logged in!

Compare scores with friends on all Sporcle quizzes.
Join for Free
OR
Log In

You Might Also Like...

Show Comments

Extras

Created Oct 7, 2009ReportFavoriteNominate
Tags:Album Quiz, devo, studio

Top Quizzes Today


Score Distribution

Your Account Isn't Verified!

In order to create a playlist on Sporcle, you need to verify the email address you used during registration. Go to your Sporcle Settings to finish the process.

Report this User

Report this user for behavior that violates our Community Guidelines.

Details: